| 000 | 00540nam a2200229Ia 4500 | ||
|---|---|---|---|
| 003 | SMC | ||
| 005 | 20180926131634.0 | ||
| 008 | 180620s9999 xx 000 0 und d | ||
| 020 | _a971-08-6326-6 | ||
| 050 | _aREF AG 243 | ||
| 050 | _b.D45 2004 c.2 | ||
| 100 | _aDela Cruz, Juan. | ||
| 245 | 0 | _aBook of Pinoy : | |
| 245 | 0 | _bfacts and records / | |
| 245 | 0 | _cJuan Dela Cruz | |
| 260 | _aMandaluyong City : | ||
| 260 | _bNational Bookstore | ||
| 260 | _c2003 | ||
| 300 | _a282 pages : | ||
| 300 | _c18 cm. | ||
| 942 |
_2lcc _cBK |
||
| 999 |
_c357996 _d357996 |
||